| 000 | 02800nam a2200313Ia 4500 | ||
|---|---|---|---|
| 005 | 20150325140247.0 | ||
| 008 | 130821s xx a gs spa | ||
| 040 |
_aCo-BoUCM _bspa _cAldrin Díaz (modificó) |
||
| 041 | 0 | 0 | _aspa |
| 092 | _aDVD 0230 | ||
| 245 | 1 | 3 |
_aEl ilusionista nada es lo que parece _c[DVD] |
| 246 |
_a[s.l.] _bYari Film Group Realising |
||
| 260 |
_a[Lugar desconocido] _b[Editorial desconocida] _c[fecha desconocida] |
||
| 300 |
_a1 DVD _bson., color |
||
| 500 | _aSINOPSIS : Cuando Eisenheim (Edward Norton) comienza a actuar con su asombroso espectáculo de ilusionista en Viena, pronto corre la voz sobre sus poderes sobrenaturales llegando a oídos de uno de los hombres más poderosos y pragmáticos de Europa, el príncipe heredero Leopold (Rufus Sewell). Convencido de que el mago no es más que un experto impostor, Leopold asiste a uno de los espectáculos de Eisenheim. Pero cuando la bella prometida del príncipe, Sophie von Teschen (Jessica Biel), aparece, Eisenheim y Sophie se reconocen de la infancia y un amor latente revive. Con Eisenheim y Leopold luchando por el afecto de Sophie, pronto se hará evidente que ambos están dispuestos a no poner límites para reivindicar y mantener su amor. La relación clandestina continúa y el inspector de policía Uhl (Paul Giamatti) tiene como misión, por órdenes de Leopold, desenmascarar a Eisenheim, por lo que intensifica sus esfuerzos a pesar de que el mago sigue cosechando grandes éxitos entre su público. Mientras que Uhl insiste tenazmente en descubrir los trucos de este hombre, Eisenheim prepara su número más ambicioso. | ||
| 508 | _aCREDITOS : Dirección, Neil Burger; Guión, Neil Burger; basado en el relato corto "Eisenheim, The illusionist" de Steven Millhauser; Producción, Michael London, Brian Koppelman, David Levien, Bob Yari y Cathy Schulman; Música, Philip Glass; Fotografía, Dick Pope; Montaje, Naomi Geraghty; Diseño de producción, Ondrej Nekvasil; Vestuario, Ngila Dickson. | ||
| 511 | _aEdward Norton (Eisenheim), Paul Giamatti (inspector Uhl), Jessica Biel (Sophie von Teschen), Rufus Sewell (príncipe Leopold), Eddie Marsan (Josef Fischer), Jake Wood (Jurka), Tom Fisher (Wiligut), Karl Johnson (doctor). | ||
| 546 | _aAudio en Inglés. Subtítulos en Español. | ||
| 650 | 0 | 4 |
_aAlucinaciones e ilusiones _vDVD _98882 |
| 650 | 0 | 4 |
_aEntretenimiento _926487 |
| 650 | 0 | 4 |
_aMagia en el cine _vDVD _918864 |
| 650 | 0 | 4 |
_aPelículas cinematográficas _zEstados Unidos _vDVD _951326 |
| 700 | 1 |
_aBurger, Neil _968139 |
|
| 710 | 2 |
_aBob Yari Productions _966844 |
|
| 710 | 2 |
_aYari Film Group Realising _968140 |
|
| 765 | _tThe illusionist | ||
| 856 | 0 | 4 |
_uhttps://www.youtube.com/watch?v=bQZANgcq7ho _zSiga este vínculo para ver el trailer. |
| 942 |
_cMULTIMEDIA _2LOCAL _a11 _e1 |
||
| 999 |
_c54809 _d54809 |
||